[Event "Mecklenburg VP-ch U12"]
[Site "Malchow"]
[Date "2019.02.03"]
[Round "2.6"]
[White "Lange, Oskar"]
[Black "Asmussen, Johann"]
[Result "1-0"]
[WhiteElo "1050"]
[BlackElo "1106"]
[PlyCount "73"]
[EventDate "2019.02.02"]
[EventType "swiss"]
[EventRounds "7"]
[EventCountry "GER"]
[SourceTitle "EXT 2022"]
[Source "ChessBase"]
[SourceDate "2021.10.06"]
[SourceVersion "1"]
[SourceVersionDate "2021.10.06"]
[SourceQuality "1"]

1. c4 c5 2. Nc3 Nc6 3. e4 e5 4. d3 Nf6 5. g3 d6 6. Nf3 Bg4 7. Bg2 g6 8. Bg5 Be7 9. Bxf6 Bxf6 10. Nd5 0-0 11. 0-0 Bg7 12. Qd2 Nd4 13. Nxd4 cxd4 14. f3 Be6 15. b4 Bxd5 16. exd5 a6 17. f4 exf4 18. Qxf4 Qc7 19. c5 Rad8 20. c6 bxc6 21. dxc6 Be5 22. Qd2 d5 23. Qc2 Rfe8 24. Qc5 Bxg3 25. hxg3 Qxg3 26. Qxd4 Re2 27. Rf2 Rxf2 28. Qxf2 Qxd3 29. Rf1 Qf5 30. Qxf5 gxf5 31. Rxf5 d4 32. Bd5 Rc8 33. Rxf7 Rxc6 34. Bxc6 Kxf7 35. Kf2 Ke6 36. Ke2 Kd6 37. Be4 1-0